000 00863cam a2200217 4500
001 WB3604-15
008 000000n2000 000 0 eng u
035 _a(Sirsi) u103840
245 _aRise in house prices slowed down
260 _c2000
490 _aIrish Times
_v 27 January 2000, 18(1)
520 _aThe Irish Permanent Index shows that the trend of house prices across the state was downwards in 1999. A possible factor being the increasing supply of new houses on the market moderated the rise in prices. Warns that a growing labour shortage in the construction industry may cause higher prices. Graph.
590 _aWB
650 _aHOUSE PRICES
650 _aIRELAND
650 _aINDEX
650 _aCONSTRUCTION INDUSTRY
650 _aLABOUR SHORTAGE
690 _aPROPERTY-RESIDENTIAL PROPERTY-RESIDENTIAL PROPERTY MARKET
942 _n0
999 _c62353
_d62353